000 00465nam a2200169Ia 4500
008 240729s9999 xx 000 0 und d
022 _a1869-6945
245 0 _aInternational Journal on Food System Dynamics
260 _aGermany
260 _bCentMa
650 _a Home economics
650 _a Nutrition. Foods and food supply
650 _aTechnology
856 _uhttps://doaj.org/toc/75fb192ea51e4b139e4864be6db8a13b
942 _2ddc
942 _cDOAJEJ
999 _c69657
_d69657
945 _a1
_bMadushi Gamage
_c1
_dMadushi Gamage